|
|
|
|
| LEADER |
00000naa2a2200000 4500 |
| 001 |
631416 |
| 005 |
20240118113150.0 |
| 035 |
|
|
|a (RuTPU)RU\TPU\conf\33117
|
| 035 |
|
|
|a RU\TPU\conf\33116
|
| 090 |
|
|
|a 631416
|
| 100 |
|
|
|a 20200902d2020 k y0rusy50 ca
|
| 101 |
0 |
|
|a rus
|
| 102 |
|
|
|a RU
|
| 105 |
|
|
|a y z 100zy
|
| 135 |
|
|
|a drcn ---uucaa
|
| 181 |
|
0 |
|a i
|
| 182 |
|
0 |
|a b
|
| 200 |
1 |
|
|a Оценка технологической эффективности двухступенчатой осушки газа в период падающей добычи
|f И. А. Банчу, В. В. Соловьев
|g науч. рук. П. Н. Зятиков, Л. В. Шишмина
|
| 203 |
|
|
|a Текст
|c электронный
|
| 225 |
1 |
|
|a Современные технологии разработки нефтяных и газовых месторождений
|
| 300 |
|
|
|a Заглавие с экрана
|
| 320 |
|
|
|a [Библиогр.: с. 38 (3 назв.)]
|
| 461 |
|
1 |
|0 (RuTPU)RU\TPU\conf\32983
|t Проблемы геологии и освоения недр
|l Problems of Geology and Subsurface Development
|o труды XXIV Международного симпозиума имени академика М. А. Усова студентов и молодых учёных, посвященного 75-летию Победы в Великой Отечественной войне, Томск, 6-10 апреля 2020 г.
|o в 2 т.
|f Национальный исследовательский Томский политехнический университет, Инженерная школа природных ресурсов ; гл. ред. А. С. Боев ; под ред. Е. Ю. Пасечник
|d 2020
|
| 463 |
|
1 |
|0 (RuTPU)RU\TPU\conf\32985
|t Т. 2
|v [С. 36-38]
|d 2020
|
| 610 |
1 |
|
|a труды учёных ТПУ
|
| 610 |
1 |
|
|a электронный ресурс
|
| 610 |
1 |
|
|a технологическая эффективность
|
| 610 |
1 |
|
|a осушка
|
| 610 |
1 |
|
|a газовые месторождения
|
| 610 |
1 |
|
|a добыча
|
| 610 |
1 |
|
|a природные газы
|
| 700 |
|
1 |
|a Банчу
|b И. А.
|
| 701 |
|
1 |
|a Соловьев
|b В. В.
|c специалист в области нефтегазового дела
|c лаборант кафедры Томского политехнического
|f 1991-
|g Василий Васильевич
|3 (RuTPU)RU\TPU\pers\37863
|
| 702 |
|
1 |
|a Зятиков
|b П. Н.
|c геолог
|c профессор Томского политехнического университета, доктор технических наук
|f 1947-
|g Павел Николаевич
|4 727
|
| 702 |
|
1 |
|a Шишмина
|b Л. В.
|c российский геолог
|c доцент Томского политехнического университета, кандидат химических наук
|f 1951-
|g Людмила Всеволодовна
|3 (RuTPU)RU\TPU\pers\26106
|4 727
|9 11936
|
| 712 |
0 |
2 |
|a Национальный исследовательский Томский политехнический университет
|b Инженерная школа природных ресурсов
|b Отделение нефтегазового дела
|3 (RuTPU)RU\TPU\col\23546
|
| 801 |
|
2 |
|a RU
|b 63413507
|c 20200925
|g RCR
|
| 856 |
4 |
|
|u http://earchive.tpu.ru/handle/11683/62709
|
| 942 |
|
|
|c BK
|